New methods in applied psychology. : Proceedings of the conference held November 27-28, 1945, under the auspices of the Military Division of the American Psychological Association /

Bibliographic Details
Corporate Author: Maryland Conference on Military Contributions to Methodology in Applied Psychology University of Maryland
Other Authors: Kelly, George, 1905-1967
Format: Conference Proceeding Book
Language:English
Published: College Park, Md. : Univ. of Maryland, 1947.
Subjects:

MARC

Tag First Indicator Second Indicator Subfields
LEADER 00000cam a2200000 4500
001 in00000058141
005 20151008051506.0
008 781214s1947 mdua 10010 eng
010 |a  48003508  
035 |a (OCoLC)04452084 
035 |9 AAG8250AM 
040 |a DLC  |c GAT  |d TXA  |d UtOrBLW 
049 |a TXAM  |c [175666] 
050 0 |a U21  |b .M27 1945 
082 0 |a 355.22 
092 |a 355.22  |b M393n 
111 1 |a Maryland Conference on Military Contributions to Methodology in Applied Psychology  |d (1945 :  |c University of Maryland) 
245 1 0 |a New methods in applied psychology. :  |b Proceedings of the conference held November 27-28, 1945, under the auspices of the Military Division of the American Psychological Association /  |c George A. Kelly, editor. 
264 1 |a College Park, Md. :  |b Univ. of Maryland,  |c 1947. 
300 |a viii, 301 pages :  |b diagrams ;  |c 23 cm. 
336 |a text  |b txt  |2 rdacontent 
337 |a unmediated  |b n  |2 rdamedia 
338 |a volume  |b nc  |2 rdacarrier 
650 0 |a Psychology, Applied. 
700 1 |a Kelly, George,  |d 1905-1967. 
999 |a MARS 
999 f f |s a57fb592-d893-3762-8cd2-2c0d13680d3f  |i 5737dbc0-1677-3ab6-abf4-2a655d1555e7  |t 0 
952 f f |p ric  |a Texas A&M University  |b Rellis Campus  |c Joint Library Facility  |d Remote Storage  |t 0  |e U21 .M27 1945  |h Library of Congress classification  |i unmediated -- volume  |m A14800804485 
998 f f |a U21 .M27 1945  |t 0  |l Remote Storage